Southville International School and Colleges
Your cart is empty.
  • Cart
  • Lists
    Public lists Eva Luna New books Lux_list list_1
    Your lists Log in to create your own lists
  • Log in to your account
  • Your cookies
  • Search history
Southville International School and Colleges
  • Advanced search
  • Recent comments
  • Most popular
  • Libraries

Log in to your account

Log in with GOOGLE


If you do not have an external account, but do have a local account, you can still log in:

  1. Home
  2. MARC view: Insects at your fingertips /
Normal view MARC view ISBD view

Insects at your fingertips / (Record no. 110167)

[ view plain ]
MARC details
000 -LEADER
fixed length control field 00675nam a2200193 a 4500
001 - CONTROL NUMBER
control field 0739
005 - DATE AND TIME OF LATEST TRANSACTION
control field 20140414131850.0
008 - FIXED-LENGTH DATA ELEMENTS--GENERAL INFORMATION
fixed length control field 040927s19uu xx 00 eng d
020 ## - INTERNATIONAL STANDARD BOOK NUMBER
International Standard Book Number 1-56293-335-3
050 ## - LIBRARY OF CONGRESS CALL NUMBER
Classification number M 595.7
Item number N23 1993
100 ## - MAIN ENTRY--PERSONAL NAME
Personal name Nayer, Judy
245 ## - TITLE STATEMENT
Title Insects at your fingertips /
Statement of responsibility, etc written by Judy Nayer ; illustrated by Grace Goldberg.
260 ## - PUBLICATION, DISTRIBUTION, ETC. (IMPRINT)
Place of publication, distribution, etc New York :
Name of publisher, distributor, etc McClanahan Book,
Date of publication, distribution, etc 1993.
300 ## - PHYSICAL DESCRIPTION
Extent p. : ill. ; cm.
440 ## - SERIES STATEMENT/ADDED ENTRY--TITLE
Title At your fingertips
520 ## - SUMMARY, ETC.
Summary, etc Insects explores the huge family of six-legged creatures, from busy bees and fast-flying dragonflies to noisy crickets and beautiful butterflies.
Holdings
Withdrawn status Lost status Damaged status Use restrictions Home library Current library Shelving location Date acquired Source of acquisition Total Checkouts Full call number Barcode Date last seen Price effective from Koha item type
        Munich Library Munich Library Main Section 09/27/2004     M 595.7 N23 1993 M0472 04/14/2014 04/14/2014 Books
        Munich Library Munich Library Main Section 10/20/2004     M 595.7 N23 1993 M0474 04/14/2014 04/14/2014 Books

Insects at your fingertips /

APA

Nayer J., . (1993). Insects at your fingertips. New York: McClanahan Book.

Chicago

Nayer Judy, . 1993. Insects at your fingertips. New York: McClanahan Book.

Harvard

Nayer J., . (1993). Insects at your fingertips. New York: McClanahan Book.

MLA

Nayer Judy, . Insects at your fingertips. New York: McClanahan Book. 1993.

  • Place hold
  • Print
  • Cite
  • Add to your cart (remove)
  • Save record
    BIBTEX Dublin Core MARCXML MARC (non-Unicode/MARC-8) MARC (Unicode/UTF-8) MARC (Unicode/UTF-8, Standard) MODS (XML) RIS
  • More searches
    Search for this title in:
    Other Libraries (WorldCat) Other Databases (Google Scholar) Online Stores (Bookfinder.com) Open Library (openlibrary.org)

Exporting to Dublin Core...

SOUTHVILLE LIBRARY

Southville International School and Colleges Library

1281 Tropical Ave. Cor. Luxembourg St., BF Homes International, Las Pinas City

Tel. No. 8256374 / 252358 Loc. 117/146

Powered by Koha